| 000 | 00561cam a22002171 4500 | ||
|---|---|---|---|
| 001 | sa 66006119 | ||
| 003 | DLC | ||
| 005 | 20260227112253.0 | ||
| 008 | 890601s1966 ii 000 1 tamo | ||
| 010 | _asa 66006119 | ||
| 035 | _a(OCoLC)19795910 | ||
| 040 |
_aDLC _cWaU _dDLC |
||
| 050 | 0 | 0 |
_aGR305 _b.G56 |
| 100 | 1 |
_aKōvintan̲, Vai., _d1912-1966. |
|
| 245 | 1 | 0 | _aPārata nāṭṭup pāṭṭi kataikaḷ. |
| 260 | _c[1966] | ||
| 300 |
_a190 p. _c18 cm. |
||
| 500 | _aIn Tamil. | ||
| 650 | 0 |
_aTamil (Indic people) _xFolklore. |
|
| 650 | 0 |
_aTales _zIndia. |
|
| 999 |
_c70310 _d70310 |
||